LEADER 03289oam 22006735 450 001 9910783586403321 005 20200520144314.0 010 $a1-280-34881-X 010 $a9786610348817 010 $a0-8213-6512-6 024 7 $a10.1596/978-0-8213-6511-3 035 $a(CKB)1000000000225184 035 $a(EBL)459645 035 $a(OCoLC)64394443 035 $a(SSID)ssj0000088888 035 $a(PQKBManifestationID)11124332 035 $a(PQKBTitleCode)TC0000088888 035 $a(PQKBWorkID)10089207 035 $a(PQKB)11766677 035 $a(MiAaPQ)EBC459645 035 $a(Au-PeEL)EBL459645 035 $a(CaPaEBR)ebr10114327 035 $a(CaONFJC)MIL34881 035 $a(The World Bank)2005057764 035 $a(US-djbf)14212416 035 $a(EXLCZ)991000000000225184 100 $a20051228d2006 uy 0 101 0 $aeng 135 $aurcn||||||||| 181 $ctxt$2rdacontent 182 $cc$2rdamedia 183 $acr$2rdacarrier 200 00$aPoverty reduction and growth : $evirtuous and vicious circles /$fGuillermo E. Perry ... [and others] 210 1$aWashington, D.C. :$cWorld Bank,$dc2006. 215 $axv, 221 pages $cillustrations ;$d28 cm 225 0 $aWorld Bank Latin American and Caribbean studies 300 $aDescription based upon print version of record. 311 $a0-8213-6511-8 320 $aIncludes bibliographical references (p. ) and index. 327 $aContents; Foreword; Acknowledgments; Acronyms and Abbreviations; Chapter 1: From Vicious to Virtuous Circles; Figures; Tables; Chapter 2: Dimensions of Well-Being, Channels to Growth; Boxes; Chapter 3: How Did We Get Here?; Chapter 4: The Relative Roles of Growth and Inequality for Poverty Reduction; Chapter 5: Pro-Poor Growth in Latin America; Chapter 6: Does Poverty Matter for Growth?; Chapter 7: Subnational Dimensions of Growth and Poverty; Chapter 8: Micro-determinants of Incomes: Labor Markets, Poverty, and Traps? 327 $aChapter 9: Breaking the Cycle of Under investment in Human Capital in Latin America Bibliography; Index 330 $aThat raising income levels alleviates poverty, and that economic growth can be more or less effective in doing so, is well known and has received renewed attention in the search for pro-poor growth. What is less well explored is the reverse channel: that poverty may, in fact, be part of the reason for a country's poor growth performance. This more elaborated view of the development process opens the door to the existence of vicious circles in which low growth results in high poverty and high poverty in turn results in low growth. Poverty Reduction and Growth is about the existence of these vi 410 0$aWorld Bank e-Library. 606 $aPoverty$zLatin America 606 $aPoverty$xGovernment policy$zLatin America 607 $aLatin America$xEconomic conditions$y1945- 607 $aLatin America$xEconomic policy 615 0$aPoverty 615 0$aPoverty$xGovernment policy 676 $a339.4/6098 701 $aPerry$b Guillermo$0464641 712 02$aWorld Bank. 801 0$bDLC 801 1$bDLC 801 2$bDLC 906 $aBOOK 912 $a9910783586403321 996 $aPoverty reduction and growth$93718474 997 $aUNINA LEADER 02954oam 2200541I 450 001 9910136129503321 005 20240501142827.0 010 $a1-315-66653-7 010 $a1-317-35540-7 010 $a1-317-35539-3 010 $a9781315666532 024 7 $a10.4324/9781315666532 035 $a(CKB)3710000000912459 035 $a(MiAaPQ)EBC4717808 035 $a(OCoLC)970390422 035 $a(BIP)56593375 035 $a(BIP)55213023 035 $a(EXLCZ)993710000000912459 100 $a20180706d2017 uy 0 101 0 $aeng 135 $aurcnu|||||||| 181 $2rdacontent 182 $2rdamedia 183 $2rdacarrier 200 04$aThe organizational psychology of sport $ekey issues and practical applications /$fedited by Christopher R.D. Wagstaff 205 $a1st ed. 210 1$aLondon ;$aNew York :$cRoutledge,$d2017. 215 $a1 online resource (295 pages) $cillustrations 311 08$a1-138-95517-5 320 $aIncludes bibliographical references at the end of each chapters and index. 327 $apt. 1. Attitudes and emotions in sport organizations -- pt. 2. Stress and well-being in sport organizations -- pt. 3. Behaviors in sport organizations -- pt. 4. Environments in sport organizations. 330 $aThis ground-breaking book is the first to provide a comprehensive overview of how organizational psychology can be used to understand and improve performance in elite sport. Using recent theoretical advances from this burgeoning area of research, each chapter offers key conceptual issues and practical insights across a range of topics. The book is structured into four constituent parts, Attitudes and emotions in sports organizations Stress and well-being in sports organizations Behaviors in sports organizations Environments in sports organizations Covering key areas such as attitudes to employment, conflict and change management, leadership, and relationships with the mass media, the book shines a spotlight on how organizational issues play a fundamental role in the experience of individuals and teams. In an era of ever-increasing professionalism in sport, the book provides an invaluable new perspective on performance at the elite level. Including contributions from an international range of academics and practitioners, it will be essential reading for any student or practitioners within sport and exercise psychology. 606 $aSports$xPsychological aspects 606 $aSports administration 606 $aOrganizational behavior 615 0$aSports$xPsychological aspects. 615 0$aSports administration. 615 0$aOrganizational behavior. 676 $a796.01/9 676 $a796.019 701 $aWagstaff$b Christopher R. D$0923088 801 0$bMiAaPQ 801 1$bMiAaPQ 801 2$bMiAaPQ 906 $aBOOK 912 $a9910136129503321 996 $aThe organizational psychology of sport$92071178 997 $aUNINA